[Event "Berks & Bucks op"]
[White "De Coverly, Roger D"]
[Black "Seymour, Timothy P"]
[Site "Maidenhead"]
[Round "3"]
[Result "0-1"]
[Date "2024.08.25"]
[WhiteElo "1956"]
[BlackElo "2220"]
[PlyCount "88"]
[EventDate "2024.08.24"]
[EventType "swiss"]
[EventRounds "6"]
[EventCountry "ENG"]
[SourceTitle "CBM 221 Extra"]
[Source "ChessBase"]
[SourceDate "2024.09.30"]
[SourceVersion "1"]
[SourceVersionDate "2024.09.30"]
[SourceQuality "1"]

1. e4 e5 2. Nf3 Nc6 3. Bb5 a6 4. Ba4 Nf6 5. 0-0 d6 6. Re1 Bd7 7. c3 g6 8. d4 Bg7 9. d5 Ne7 10. Bxd7+ Nxd7 11. c4 h6 12. Nc3 f5 13. exf5 gxf5 14. Nd2 Ng6 15. Qh5 Qg5 16. Qxg5 hxg5 17. Nf3 g4 18. Ng5 Nc5 19. Be3 Bf6 20. Rad1 Rh5 21. Ne6 Nxe6 22. dxe6 0-0-0 23. Nd5 Bg7 24. c5 f4 25. cxd6 Rxd6 26. e7 Rh8 27. Bc5 Re6 28. Rc1 Bf6 29. Red1 Bg5 30. Bb6 c6 31. Bd8 Bxe7 32. Nb6+ Kb8 33. Nd7+ Kc8 34. Nb6+ Kb8 35. Nd7+ Ka8 36. Nb6+ Ka7 37. Bc7 f3 38. gxf3 gxf3 39. Rc3 Nh4 40. Nd7 Rg6+ 41. Kh1 e4 42. Bg3 Nf5 43. Bf4 Rg2 44. Be3+ Nxe3 0-1

[Event "Kingston op 3rd"]
[White "Seymour, Timothy P"]
[Black "Wilson, Ewan"]
[Site "Kingston Upon Thames"]
[Round "5"]
[Result "1-0"]
[Date "2024.08.14"]
[WhiteElo "2124"]
[BlackElo "1983"]
[PlyCount "139"]
[EventDate "2024.08.12"]
[EventType "swiss"]
[EventRounds "9"]
[EventCountry "ENG"]
[SourceTitle "CBM 221 Extra"]
[Source "ChessBase"]
[SourceDate "2024.09.30"]
[SourceVersion "1"]
[SourceVersionDate "2024.09.30"]
[SourceQuality "1"]

1. Nf3 d5 2. e3 Nf6 3. c4 c6 4. Nc3 e6 5. b3 Nbd7 6. Bb2 Bd6 7. d4 0-0 8. Be2 Ne4 9. 0-0 f5 10. Bd3 Rf6 11. Ne2 Rh6 12. Ne5 Qh4 13. h3 Ng5 14. Nf4 Nf7 15. cxd5 exd5 16. Nxf7 Kxf7 17. Bxf5 Nf6 18. Qd3 Bxf4 19. Bxc8 Bh2+ 20. Kxh2 Rxc8 21. Qf5 Re8 22. g3 Rh5 23. Qxd5+ Nxd5 24. gxh4 Rxh4 25. Rg1 Rhe4 26. Rg4 R4e6 27. Rag1 g6 28. Rg5 Nf6 29. Kg2 Ne4 30. Ra5 Rf6 31. Rf1 a6 32. f3 Nd6 33. e4 Rfe6 34. d5 cxd5 35. Rxd5 Nb5 36. Rc1 Rd6 37. Rxd6 Nxd6 38. Rc7+ Ke6 39. a4 Rc8 40. Rxc8 Nxc8 41. f4 Ne7 42. Kf3 Nc6 43. Bc3 b5 44. axb5 axb5 45. Kg4 b4 46. Be1 Kf7 47. Kg5 Kg7 48. Bf2 Na5 49. Bd4+ Kf7 50. Bc5 Nxb3 51. Bxb4 Nd4 52. Kh6 Ne6 53. Bd2 Kg8 54. h4 Nd8 55. Kg5 Kf7 56. h5 Kg7 57. Bc3+ Kf7 58. Kh6 gxh5 59. Kxh5 Ne6 60. f5 Nc5 61. e5 Ne4 62. Be1 Kg7 63. Bh4 Nc5 64. Bf6+ Kf7 65. Bd8 Nd3 66. e6+ Ke8 67. Bc7 Ke7 68. Bg3 Kf6 69. Kh6 Nb4 70. Bh4+ 1-0

[Event "Kingston op 3rd"]
[White "Seymour, Timothy P"]
[Black "Fellowes, Billy"]
[Site "Kingston Upon Thames"]
[Round "3"]
[Result "0-1"]
[Date "2024.08.13"]
[WhiteElo "2124"]
[BlackElo "2006"]
[PlyCount "92"]
[EventDate "2024.08.12"]
[EventType "swiss"]
[EventRounds "9"]
[EventCountry "ENG"]
[SourceTitle "CBM 221 Extra"]
[Source "ChessBase"]
[SourceDate "2024.09.30"]
[SourceVersion "1"]
[SourceVersionDate "2024.09.30"]
[SourceQuality "1"]

1. Nf3 Nf6 2. c4 g6 3. d4 Bg7 4. e3 0-0 5. Be2 d6 6. Nc3 c5 7. 0-0 Nbd7 8. d5 Rb8 9. e4 a6 10. a4 h6 11. h3 Ne8 12. Bf4 Kh7 13. Bh2 Nc7 14. Qc2 Nf6 15. Rfe1 Bd7 16. Rad1 b5 17. e5 Bf5 18. Qd2 Ne4 19. Nxe4 Bxe4 20. a5 bxc4 21. Bxc4 Bxf3 22. gxf3 Nb5 23. f4 Nd4 24. Kg2 Rb4 25. Qc3 Qxa5 26. Ra1 Qc7 27. Rxa6 Rfb8 28. b3 Qd7 29. Re3 Qb7 30. Qd3 Rb6 31. Rxb6 Qxb6 32. exd6 exd6 33. Re7 Rb7 34. Rxb7 Qxb7 35. Bg3 Nf5 36. Qe4 h5 37. Qe8 h4 38. Bh2 Bf6 39. Qf8 Bg7 40. Qd8 Qb4 41. Bd3 Qxb3 42. Bxf5 Qxd5+ 43. f3 Qd2+ 44. Kh1 Qd1+ 45. Kg2 Qe2+ 46. Kh1 Qxf3+ 0-1

[Event "ENG-ch"]
[White "Seymour, Timothy P"]
[Black "Yu, Rock"]
[Site "Kenilworth"]
[Round "3"]
[Result "1-0"]
[Date "2024.06.21"]
[WhiteElo "2113"]
[BlackElo "1939"]
[PlyCount "123"]
[EventDate "2024.06.20"]
[EventType "swiss"]
[EventRounds "7"]
[EventCountry "ENG"]
[SourceTitle "CBM 220 Extra"]
[Source "ChessBase"]
[SourceDate "2024.07.31"]
[SourceVersion "1"]
[SourceVersionDate "2024.07.31"]
[SourceQuality "1"]

1. Nf3 Nf6 2. e3 e6 3. c4 c5 4. Nc3 Nc6 5. d4 cxd4 6. exd4 d5 7. c5 Be7 8. Bb5 Qc7 9. 0-0 Bd7 10. Re1 0-0 11. a3 a5 12. Rb1 b6 13. b4 axb4 14. axb4 bxc5 15. bxc5 Rfb8 16. g3 Rb7 17. Bf4 Qc8 18. Na4 Bd8 19. Qd3 Ra5 20. Nc3 Ra3 21. Bc1 Rxc3 22. Qxc3 Ba5 23. Qa3 Qb8 24. Bf4 e5 25. Nxe5 Rxb5 26. Nxc6 Rxb1 27. Nxb8 Bxe1 28. Qa2 Bf5 29. Kg2 g5 30. Be5 g4 31. Qxb1 Bxb1 32. Bxf6 Kf8 33. Nd7+ Ke8 34. c6 Bf5 35. Ne5 Bc3 36. Kf1 Bxd4 37. Nxg4 Bxg4 38. Bxd4 Bd1 39. Ke1 Ba4 40. c7 Kd7 41. Be5 Bc2 42. Kd2 Bf5 43. Ke3 Ke7 44. Kf4 Be6 45. Kg5 Kd7 46. Kh6 Bf5 47. Kg5 Bg6 48. g4 d4 49. Kf4 Kc8 50. h4 h5 51. gxh5 Bxh5 52. Kg5 Bf3 53. h5 d3 54. Bf4 d2 55. Bxd2 Kxc7 56. h6 Be4 57. Kf6 Bg6 58. Kg7 Kd6 59. h7 Bxh7 60. Kxh7 Ke5 61. Kh6 Kf5 62. Kh5 1-0

[Event "BCF-chT3E 2224 (4NCL)"]
[White "Seymour, Timothy P"]
[Black "Welford Ranson, Forbes"]
[Site "England"]
[Round "10.31"]
[Result "0-1"]
[Date "2024.05.05"]
[WhiteElo "2216"]
[BlackElo "2116"]
[PlyCount "130"]
[EventDate "2023.11.11"]
[EventType "team-tourn"]
[EventRounds "11"]
[EventCountry "ENG"]
[SourceTitle "EXT 2025"]
[Source "ChessBase"]
[SourceDate "2024.10.14"]
[SourceVersion "1"]
[SourceVersionDate "2024.10.14"]
[SourceQuality "1"]
[WhiteTeam "Surbiton"]
[BlackTeam "Iceni"]
[WhiteTeamCountry "ENG"]
[BlackTeamCountry "ENG"]

1. Nf3 Nf6 2. c4 g6 3. d4 Bg7 4. e3 0-0 5. Be2 d6 6. Nc3 Bf5 7. Qb3 b6 8. d5 c5 9. Nd2 Na6 10. 0-0 Nc7 11. h3 Rb8 12. a4 a6 13. e4 Bd7 14. Qc2 e6 15. dxe6 Nxe6 16. Nf3 Nh5 17. Rd1 Nd4 18. Nxd4 Bxd4 19. Bxh5 gxh5 20. Nd5 b5 21. Ra3 Kh8 22. Rxd4 cxd4 23. Qd2 Be6 24. Qh6 Bxd5 25. Rg3 Rg8 26. Bg5 Rg6 27. Qxg6 hxg6 28. Bxd8 Rxd8 29. cxd5 Re8 30. axb5 axb5 31. Rd3 Rxe4 32. Kf1 Kg7 33. f3 Re3 34. Rxd4 Rb3 35. Rd2 Kf6 36. Ke2 Ke5 37. g3 f6 38. h4 g5 39. hxg5 fxg5 40. Kf2 Rb4 41. Kg2 Rd4 42. Rf2 b4 43. Kh3 b3 44. Re2+ Kxd5 45. Re3 Kc4 46. Rc3+ Kb4 47. Rc8 Rd3 48. Rg8 Rxf3 49. Rxg5 Kc4 50. Rxh5 Rf2 51. Rh4+ Kc5 52. Rf4 Rxb2 53. g4 Ra2 54. Rf3 Kc4 55. Rf4+ Kc3 56. Rf3+ Kc2 57. Rf2+ Kc1 58. Rf1+ Kd2 59. Rf6 Ra6 60. g5 b2 61. Rf2+ Kc3 62. Rf3+ Kc2 63. Rf2+ Kb3 64. Rf3+ Ka2 65. Rf2 Ka1 0-1

[Event "BCF-chT3E 2224 (4NCL)"]
[White "Ciuravin, Andrei"]
[Black "Seymour, Timothy P"]
[Site "England"]
[Round "6.21"]
[Result "1-0"]
[Date "2024.02.11"]
[WhiteElo "2179"]
[BlackElo "2216"]
[PlyCount "123"]
[EventDate "2023.11.11"]
[EventType "team-tourn"]
[EventRounds "11"]
[EventCountry "ENG"]
[SourceTitle "EXT 2025"]
[Source "ChessBase"]
[SourceDate "2024.10.14"]
[SourceVersion "1"]
[SourceVersionDate "2024.10.14"]
[SourceQuality "1"]
[WhiteTeam "Hull & East Riding Tigers"]
[BlackTeam "Surbiton"]
[WhiteTeamCountry "ENG"]
[BlackTeamCountry "ENG"]

1. d4 d5 2. Nf3 Nf6 3. Bf4 e6 4. e3 Bd6 5. Nbd2 0-0 6. Bg3 c5 7. c3 Qc7 8. Ne5 Nc6 9. f4 Ne7 10. Bd3 Nf5 11. Bf2 Be7 12. 0-0 b6 13. Qf3 a5 14. Rfe1 Ba6 15. Bc2 b5 16. Rac1 a4 17. a3 Nd6 18. dxc5 Qxc5 19. e4 Qc7 20. exd5 exd5 21. Bd4 Rfe8 22. Ng4 Nfe4 23. Nxe4 dxe4 24. Bxe4 Nxe4 25. Qxe4 Bf8 26. Qf3 Bc5 27. Bxc5 Qxc5+ 28. Qf2 Qh5 29. h3 Bb7 30. f5 f6 31. Qb6 Be4 32. Qxb5 Bxf5 33. Nf2 Qg6 34. Rxe8+ Rxe8 35. Qxa4 h5 36. Qf4 Kh7 37. Rd1 Re2 38. Rd2 Re1+ 39. Kh2 Bc8 40. Qf3 Qg5 41. Rd5 Re5 42. Rxe5 Qxe5+ 43. Qg3 Qe7 44. Qd3+ Kh6 45. Nd1 g5 46. Qd4 Bb7 47. Ne3 Kg6 48. c4 Qc7+ 49. Kg1 Qg3 50. Kf1 h4 51. Nd5 Qd6 52. Qb6 Qxb6 53. Nxb6 Kf5 54. b4 Ke4 55. Nd7 Kd4 56. c5 Ba6+ 57. Kf2 f5 58. a4 Kc4 59. b5 Bxb5 60. axb5 Kxb5 61. Ne5 Kxc5 62. Nf3 1-0

[Event "ENG-ch Chessable"]
[White "Hebden, Mark"]
[Black "Seymour, Timothy P"]
[Site "Kenilworth"]
[Round "1"]
[Result "1-0"]
[Date "2023.05.26"]
[WhiteElo "2434"]
[BlackElo "2094"]
[PlyCount "71"]
[EventDate "2023.05.26"]
[EventType "swiss"]
[EventRounds "7"]
[EventCountry "ENG"]
[SourceTitle "CBM 214 Extra"]
[Source "ChessBase"]
[SourceDate "2023.07.31"]
[SourceVersion "1"]
[SourceVersionDate "2023.07.31"]
[SourceQuality "1"]

1. d4 d5 2. c4 e6 3. Nc3 Nf6 4. Bg5 dxc4 5. e3 c5 6. Bxc4 cxd4 7. exd4 Be7 8. Nf3 Nc6 9. 0-0 0-0 10. Re1 a6 11. Bb3 b5 12. d5 Nxd5 13. Bxd5 exd5 14. Bxe7 Nxe7 15. Nd4 Bb7 16. a4 b4 17. Nce2 Qd6 18. Ng3 Rfe8 19. a5 Rac8 20. Qd2 Nc6 21. Ngf5 Qf6 22. Nxc6 Bxc6 23. Nd4 Rxe1+ 24. Rxe1 Rb8 25. h3 h6 26. Re3 Bd7 27. Nb3 Qd6 28. Rd3 Rb5 29. Qe3 Be6 30. Qd4 Qc7 31. Rg3 g6 32. Qf6 d4 33. Nxd4 Re5 34. Kh2 Bd5 35. f4 Re4 36. Nf5 1-0

[Event "BCF-chT3E 2223 (4NCL)"]
[White "Seymour, Timothy P"]
[Black "Hughes, Roy"]
[Site "England"]
[Round "11.31"]
[Result "1-0"]
[Date "2023.05.01"]
[WhiteElo "2093"]
[BlackElo "2050"]
[PlyCount "61"]
[EventDate "2022.11.05"]
[EventType "team-tourn"]
[EventRounds "11"]
[EventCountry "ENG"]
[SourceTitle "EXT 2024"]
[Source "ChessBase"]
[SourceDate "2023.10.10"]
[SourceVersion "1"]
[SourceVersionDate "2023.10.10"]
[SourceQuality "1"]
[WhiteTeam "Surbiton"]
[BlackTeam "Iceni"]
[WhiteTeamCountry "ENG"]
[BlackTeamCountry "ENG"]

1. Nf3 d5 2. e3 Nf6 3. c4 c6 4. Nc3 a6 5. Be2 dxc4 6. Bxc4 b5 7. Bb3 e6 8. d4 Bb7 9. 0-0 c5 10. e4 cxd4 11. Nxd4 Bc5 12. Be3 Qe7 13. e5 Nfd7 14. Qg4 g6 15. Bg5 Qf8 16. Ne4 Bxe4 17. Qxe4 Ra7 18. Nc6 h6 19. Bh4 g5 20. Nxa7 Bxa7 21. Qb7 Bb6 22. Bg3 h5 23. h4 Qe7 24. Rac1 gxh4 25. Bf4 h3 26. gxh3 Qh4 27. Qf3 Ke7 28. Kh2 Bd4 29. Rce1 Nc6 30. Bg3 Ncxe5 31. Bxh4+ 1-0

[Event "BCF-chT3E 2223 (4NCL)"]
[White "Seymour, Timothy P"]
[Black "Swanson, Stephen"]
[Site "England"]
[Round "10.41"]
[Result "0-1"]
[Date "2023.04.30"]
[WhiteElo "2093"]
[BlackElo "2196"]
[PlyCount "75"]
[EventDate "2022.11.05"]
[EventType "team-tourn"]
[EventRounds "11"]
[EventCountry "ENG"]
[SourceTitle "EXT 2024"]
[Source "ChessBase"]
[SourceDate "2023.10.10"]
[SourceVersion "1"]
[SourceVersionDate "2023.10.10"]
[SourceQuality "1"]
[WhiteTeam "Surbiton"]
[BlackTeam "Poisoned Pawns"]
[WhiteTeamCountry "ENG"]
[BlackTeamCountry "ENG"]

1. Nf3 d6 2. d4 g6 3. b3 Bg7 4. Bb2 Nf6 5. e3 0-0 6. Be2 Nbd7 7. 0-0 e5 8. dxe5 Ng4 9. c4 Ngxe5 10. Nc3 Nxf3+ 11. Bxf3 Ne5 12. Be2 Re8 13. Qd2 Bd7 14. Rad1 Bc6 15. Nd5 a5 16. f4 Nd7 17. Bxg7 Kxg7 18. Bf3 f6 19. Rde1 a4 20. b4 a3 21. e4 Bxd5 22. cxd5 Re7 23. Re3 Qe8 24. Rc3 Nb6 25. Rfc1 Qf7 26. Qc2 f5 27. Rxc7 Rae8 28. Qc3+ Kh6 29. exf5 gxf5 30. Rxe7 Rxe7 31. Qd4 Nd7 32. Kf2 Nf6 33. Re1 Rxe1 34. Kxe1 Kg6 35. Kd2 Qc7 36. g3 h5 37. Qc3 Qb8 38. Be2 0-1

[Event "Berks & Bucks op"]
[White "Arora, Tashika"]
[Black "Seymour, Timothy P"]
[Site "Maidenhead"]
[Round "4"]
[Result "1/2-1/2"]
[Date "2022.08.28"]
[WhiteElo "1874"]
[BlackElo "2082"]
[PlyCount "66"]
[EventDate "2022.08.27"]
[EventType "swiss"]
[EventRounds "6"]
[EventCountry "ENG"]
[SourceTitle "CBM 210 Extra"]
[Source "ChessBase"]
[SourceDate "2022.11.30"]
[SourceVersion "1"]
[SourceVersionDate "2022.11.30"]
[SourceQuality "1"]

1. d4 Nf6 2. c4 e6 3. g3 d5 4. Bg2 Bb4+ 5. Bd2 Be7 6. Nf3 c6 7. Qc2 b6 8. 0-0 Ba6 9. b3 Nbd7 10. Re1 Rc8 11. cxd5 cxd5 12. Qb2 Ne4 13. Nc3 Nxd2 14. Nxd2 Bb4 15. Rac1 Qe7 16. Ndb1 f5 17. a3 Bd6 18. e3 h5 19. b4 Bd3 20. Nd2 Bc4 21. Nxc4 Rxc4 22. Nb5 Rxc1 23. Nxd6+ Qxd6 24. Rxc1 Ke7 25. b5 Nb8 26. a4 h4 27. Rc3 Kd7 28. Qc2 hxg3 29. fxg3 g5 30. Bh1 Rf8 31. Bg2 Rh8 32. Bh1 Rf8 33. Bg2 Rh8 1/2-1/2

[Event "Berks & Bucks op"]
[White "Seymour, Timothy P"]
[Black "Hurtado, Philip"]
[Site "Maidenhead"]
[Round "3"]
[Result "1-0"]
[Date "2022.08.28"]
[WhiteElo "2082"]
[BlackElo "1866"]
[PlyCount "61"]
[EventDate "2022.08.27"]
[EventType "swiss"]
[EventRounds "6"]
[EventCountry "ENG"]
[SourceTitle "CBM 210 Extra"]
[Source "ChessBase"]
[SourceDate "2022.11.30"]
[SourceVersion "1"]
[SourceVersionDate "2022.11.30"]
[SourceQuality "1"]

1. Nf3 Nf6 2. e3 b6 3. b3 Bb7 4. Bb2 c5 5. c4 d5 6. Nc3 e6 7. cxd5 exd5 8. d4 Be7 9. Be2 0-0 10. 0-0 Ne4 11. Rc1 Nd7 12. Bd3 f5 13. Ne2 Qe8 14. Ne5 Bd6 15. Bb5 Bxe5 16. dxe5 a6 17. Bxd7 Qxd7 18. h4 Qe7 19. f3 Qxh4 20. fxe4 Qxe4 21. Rf3 g5 22. Qc2 Qxc2 23. Rxc2 d4 24. Rg3 d3 25. Rxg5+ Kf7 26. e6+ Ke8 27. Rd2 dxe2 28. Kf2 Rd8 29. Rxd8+ Kxd8 30. Rg7 Kc8 31. Be5 1-0

[Event "Kingston 1st"]
[White "Large, Peter G"]
[Black "Seymour, Timothy P"]
[Site "Kingston Upon Thames"]
[Round "5"]
[Result "1-0"]
[Date "2022.07.22"]
[WhiteElo "2299"]
[BlackElo "2076"]
[PlyCount "68"]
[EventDate "2022.07.19"]
[EventType "tourn"]
[EventRounds "9"]
[EventCountry "ENG"]
[SourceTitle "EXT 2024"]
[Source "ChessBase"]
[SourceDate "2023.10.10"]
[SourceVersion "1"]
[SourceVersionDate "2023.10.10"]
[SourceQuality "1"]

1. e4 e5 2. Nf3 Nc6 3. Bb5 Nf6 4. d3 Bc5 5. 0-0 Nd4 6. Ba4 0-0 7. c3 Nxf3+ 8. Qxf3 h6 9. d4 exd4 10. e5 Nh7 11. Bc2 Qh4 12. g3 Ng5 13. Qd3 Qh5 14. cxd4 Bb6 15. f4 Bxd4+ 16. Qxd4 Nf3+ 17. Rxf3 Qxf3 18. Nd2 Qg4 19. Qd3 g6 20. Ne4 Qh3 21. Nf2 Qh5 22. Ne4 Qh3 23. Bd2 d5 24. Nf6+ Kh8 25. Qxd5 Be6 26. Qg2 Rfd8 27. Qxh3 Bxh3 28. Bc3 c5 29. g4 b5 30. Be4 b4 31. Bxa8 bxc3 32. bxc3 Rxa8 33. Rd1 h5 34. e6 fxe6 1-0

[Event "Leamington Spa 4NCL op-A 28th"]
[White "Verma, Shlok"]
[Black "Seymour, Timothy P"]
[Site "Leamington Spa"]
[Round "5"]
[Result "1/2-1/2"]
[Date "2022.07.10"]
[WhiteElo "1829"]
[BlackElo "2076"]
[PlyCount "43"]
[EventDate "2022.07.08"]
[EventType "swiss"]
[EventRounds "5"]
[EventCountry "ENG"]
[SourceTitle "CBM 209 Extra"]
[Source "ChessBase"]
[SourceDate "2022.09.30"]
[SourceVersion "1"]
[SourceVersionDate "2022.09.30"]
[SourceQuality "1"]

1. d4 d5 2. c4 e6 3. Nf3 Nf6 4. Nc3 a6 5. cxd5 exd5 6. Bg5 Be6 7. e3 Nbd7 8. Bd3 Bd6 9. 0-0 0-0 10. h3 c6 11. Ne2 Re8 12. Bf4 Qc7 13. Qc2 g6 14. Bxd6 Qxd6 15. Ng3 Kg7 16. Rad1 Rad8 17. Qc3 Qc7 18. b4 Nb6 19. Ne5 Nfd7 20. Nf3 Nf6 21. Ne5 Nfd7 22. Nf3 1/2-1/2